[Event "RUS-ch Silent (Women)"]
[Site "Zelenograd"]
[Date "2022.04.10"]
[Round "2"]
[White "Alieva, Viktoria"]
[Black "Gerasimova, Olga"]
[Result "0-1"]
[WhiteElo "1707"]
[BlackElo "1881"]
[PlyCount "118"]
[EventDate "2022.04.09"]
[EventType "tourn"]
[EventRounds "13"]
[EventCountry "RUS"]
[SourceTitle "EXT 2023"]
[Source "ChessBase"]
[SourceDate "2022.10.05"]
[SourceVersion "1"]
[SourceVersionDate "2022.10.05"]
[SourceQuality "1"]

1. e4 c5 2. d3 Nc6 3. g3 g6 4. Bg2 Bg7 5. f4 d6 6. Nf3 e6 7. c3 Nge7 8. Be3 Rb8 9. Nbd2 0-0 10. 0-0 b5 11. Qc2 a5 12. Rab1 Ba6 13. Rfd1 Qd7 14. Bf1 Rfc8 15. Bg2 Nd4 16. Bxd4 cxd4 17. c4 bxc4 18. dxc4 d5 19. exd5 exd5 20. b3 Qa7 21. Qd3 Rb4 22. Rdc1 Re8 23. Re1 Rd8 24. Kh1 Nf5 25. Rbc1 Ne3 26. a3 Rbb8 27. Bh3 dxc4 28. bxc4 Qc7 29. Nb3 Bb7 30. Bg2 Nxg2 31. Kxg2 a4 32. Nbd2 Qc6 33. Kf2 Ba8 34. Rb1 Bb7 35. h4 Qc8 36. Kg2 Qg4 37. Re7 Qc8 38. Kf2 Bf6 39. Ree1 Qc6 40. Rb2 Ba6 41. Rxb8 Rxb8 42. Rc1 Re8 43. Re1 Rd8 44. Rb1 Rc8 45. Rc1 Bb7 46. Re1 Ba6 47. Rc1 Bg7 48. Nxd4 Qc5 49. N2f3 Rd8 50. Rd1 Qxc4 51. Qxc4 Bxc4 52. Ke3 Bf8 53. Rc1 Bd5 54. Rc3 f6 55. Ne1 Re8+ 56. Kd2 Rd8 57. Ke3 f5 58. Rd3 Bc5 59. Rc3 Re8+ 0-1

[Event "RUS-ch Silent (Women)"]
[Site "Zelenograd"]
[Date "2020.10.12"]
[Round "9"]
[White "Alieva, Viktoria"]
[Black "Kudriavtseva, Natalia"]
[Result "1/2-1/2"]
[WhiteElo "1714"]
[BlackElo "1819"]
[PlyCount "60"]
[EventDate "2020.10.03"]
[EventType "tourn"]
[EventRounds "9"]
[EventCountry "RUS"]
[SourceTitle "EXT 2022"]
[Source "ChessBase"]
[SourceDate "2021.10.06"]
[SourceVersion "1"]
[SourceVersionDate "2021.10.06"]
[SourceQuality "1"]

1. e4 e5 2. Nf3 Nc6 3. d4 exd4 4. Nxd4 Bb4+ 5. c3 Bc5 6. Be3 Bb6 7. Bc4 d6 8. Nxc6 bxc6 9. Bxb6 cxb6 10. Qf3 Qf6 11. Nd2 Qxf3 12. Nxf3 Ne7 13. 0-0-0 d5 14. exd5 cxd5 15. Bxd5 Nxd5 16. Rxd5 Be6 17. Re5 0-0 18. b3 Rad8 19. Nd4 Bd5 20. f3 Rfe8 21. Rhe1 Rxe5 22. Rxe5 Kf8 23. Nb5 Rd7 24. Kb2 a6 25. Nd4 Bb7 26. Kc2 Rd6 27. h3 Rd7 28. Kb2 Rd6 29. Kc2 Rd7 30. Kb2 Rd6 1/2-1/2

[Event "RUS-ch Silent (Women)"]
[Site "Zelenograd"]
[Date "2018.11.02"]
[Round "10"]
[White "Alieva, Viktoria"]
[Black "Lukina, Tatiana"]
[Result "0-1"]
[WhiteElo "1674"]
[BlackElo "1608"]
[PlyCount "94"]
[EventDate "2018.10.25"]
[EventType "tourn"]
[EventRounds "11"]
[EventCountry "RUS"]
[SourceTitle "EXT 2020"]
[Source "ChessBase"]
[SourceDate "2019.10.17"]
[SourceVersion "1"]
[SourceVersionDate "2019.10.17"]
[SourceQuality "1"]

1. e4 e5 2. Nf3 Nc6 3. d4 exd4 4. Nxd4 Nf6 5. Bg5 h6 6. Nxc6 bxc6 7. Bh4 Be7 8. Bd3 0-0 9. 0-0 Nxe4 10. Bxe7 Qxe7 11. Re1 d5 12. Nc3 f5 13. a3 Qc5 14. Bxe4 fxe4 15. Qd2 Qd6 16. Rad1 Bg4 17. Rb1 Rae8 18. h3 Bxh3 19. gxh3 Rf3 20. Nxe4 dxe4 21. Qxd6 cxd6 22. Kg2 d5 23. Re3 Ref8 24. Rxf3 Rxf3 25. Re1 g6 26. c4 Kg7 27. cxd5 cxd5 28. Re3 Rf5 29. Rc3 h5 30. Rc7+ Rf7 31. Rxf7+ Kxf7 32. Kg3 g5 33. f3 e3 34. Kg2 Kf6 35. b4 Ke5 36. a4 Kd6 37. Kf1 d4 38. Ke2 Ke6 39. Kd3 Kd5 40. a5 Kc6 41. h4 gxh4 42. f4 h3 43. f5 h2 44. f6 h1Q 45. f7 Qf1+ 46. Kxd4 Qxf7 47. Kxe3 Kb5 0-1

[Event "RUS-ch Silent (Women)"]
[Site "Zelenograd"]
[Date "2018.11.01"]
[Round "9"]
[White "Alieva, Viktoria"]
[Black "Tappyrova, Daria"]
[Result "1-0"]
[WhiteElo "1674"]
[BlackElo "1587"]
[PlyCount "41"]
[EventDate "2018.10.25"]
[EventType "tourn"]
[EventRounds "11"]
[EventCountry "RUS"]
[SourceTitle "EXT 2020"]
[Source "ChessBase"]
[SourceDate "2019.10.17"]
[SourceVersion "1"]
[SourceVersionDate "2019.10.17"]
[SourceQuality "1"]

1. e4 c6 2. d4 d5 3. e5 e6 4. c3 Nd7 5. Be3 c5 6. Bd3 cxd4 7. cxd4 g6 8. Qd2 Bg7 9. Ne2 Ne7 10. 0-0 0-0 11. Bh6 Re8 12. Bxg7 Kxg7 13. f4 h6 14. g4 Rh8 15. f5 exf5 16. gxf5 f6 17. Nf4 Nf8 18. exf6+ Kxf6 19. fxg6 Kg7 20. Nh5+ Kg8 21. g7 1-0

[Event "Samara Polugaevsky Memorial 6th"]
[Site "Samara"]
[Date "2016.07.08"]
[Round "6"]
[White "Popov, Alexey"]
[Black "Alieva, Viktoria"]
[Result "1-0"]
[WhiteElo "2097"]
[BlackElo "1567"]
[PlyCount "63"]
[EventDate "2016.07.03"]
[EventType "swiss"]
[EventRounds "9"]
[EventCountry "RUS"]
[SourceTitle "EXT 2019"]
[Source "ChessBase"]
[SourceDate "2018.10.10"]
[SourceVersion "1"]
[SourceVersionDate "2018.10.10"]
[SourceQuality "1"]

1. e4 c6 2. Nc3 e5 3. d4 exd4 4. Qxd4 d6 5. Bf4 Be6 6. 0-0-0 Qc7 7. Bxd6 Bxd6 8. Qxd6 Qxd6 9. Rxd6 Ke7 10. Rd2 Nf6 11. f3 Nbd7 12. Nge2 Nb6 13. Nd4 Rhd8 14. Nxe6 Kxe6 15. g3 Rxd2 16. Kxd2 Rd8+ 17. Ke3 Nfd7 18. b3 a6 19. f4 f6 20. Be2 Nc5 21. h4 g6 22. h5 g5 23. Bg4+ Kf7 24. h6 gxf4+ 25. gxf4 Rg8 26. Kf3 Ne6 27. Ne2 Nf8 28. Nd4 c5 29. Nf5 Nc8 30. Rd1 b5 31. Bh5+ Ke6 32. Rd8 1-0

[Event "Samara Polugaevsky Memorial 5th"]
[Site "Samara"]
[Date "2015.07.04"]
[Round "2"]
[White "Popelyshev, Igor Viktorovich"]
[Black "Alieva, Viktoria"]
[Result "1-0"]
[WhiteElo "2077"]
[BlackElo "1735"]
[PlyCount "55"]
[EventDate "2015.07.03"]
[EventType "swiss"]
[EventRounds "9"]
[EventCountry "RUS"]
[SourceTitle "EXT 2017"]
[Source "ChessBase"]
[SourceDate "2016.10.25"]
[SourceVersion "1"]
[SourceVersionDate "2016.10.25"]
[SourceQuality "1"]

1. e4 c6 2. Nc3 e5 3. Nf3 d6 4. d4 exd4 5. Qxd4 Qf6 6. Be3 Qxd4 7. Bxd4 c5 8. Nd5 Kd8 9. Bc3 f6 10. 0-0-0 Nc6 11. Bb5 Bd7 12. Rd2 Nge7 13. Nxf6 gxf6 14. Bxf6 Rg8 15. Rxd6 Kc7 16. Rhd1 Rd8 17. Bxc6 bxc6 18. Ne5 Bh6+ 19. Kb1 Nd5 20. exd5 Kxd6 21. Nf7+ Kc7 22. Bxd8+ Kc8 23. dxc6 Bxc6 24. Nxh6 Rxd8 25. Rxd8+ Kxd8 26. g4 Ke7 27. f4 Bf3 28. g5 1-0

[Event "RUS-ch Silent (Women)"]
[Site "Zelenograd"]
[Date "2015.06.10"]
[Round "13"]
[White "Alieva, Viktoria"]
[Black "Panina, Valeria"]
[Result "1-0"]
[WhiteElo "1631"]
[BlackElo "1575"]
[PlyCount "39"]
[EventDate "2015.06.02"]
[EventType "tourn"]
[EventRounds "13"]
[EventCountry "RUS"]
[SourceTitle "EXT 2018"]
[Source "ChessBase"]
[SourceDate "2017.10.13"]
[SourceVersion "1"]
[SourceVersionDate "2017.10.13"]
[SourceQuality "1"]

1. e4 c5 2. Nf3 d6 3. d4 cxd4 4. Nxd4 Nf6 5. Nc3 a6 6. Bd3 e5 7. Nf3 Nc6 8. h3 h6 9. Be3 Be6 10. 0-0 Rc8 11. Re1 Be7 12. Nd2 d5 13. exd5 Nxd5 14. Nxd5 Bxd5 15. Bf5 Rb8 16. c4 Be6 17. Bxe6 fxe6 18. Qg4 Bf6 19. Qxe6+ Ne7 20. Ne4 1-0

[Event "RUS-ch Silent (Women)"]
[Site "Zelenograd"]
[Date "2015.06.06"]
[Round "7"]
[White "Kireeva, Ljubov"]
[Black "Alieva, Viktoria"]
[Result "1-0"]
[WhiteElo "2015"]
[BlackElo "1631"]
[PlyCount "75"]
[EventDate "2015.06.02"]
[EventType "tourn"]
[EventRounds "13"]
[EventCountry "RUS"]
[SourceTitle "EXT 2018"]
[Source "ChessBase"]
[SourceDate "2017.10.13"]
[SourceVersion "1"]
[SourceVersionDate "2017.10.13"]
[SourceQuality "1"]

1. d4 c6 2. e4 d5 3. exd5 cxd5 4. Bd3 Nc6 5. c3 e6 6. Nf3 Bd6 7. 0-0 Nf6 8. Bg5 h6 9. Bh4 g5 10. Bg3 Bxg3 11. fxg3 a6 12. Qe2 Qe7 13. Ne5 Rf8 14. Nd2 Bd7 15. Rae1 0-0-0 16. Nb3 Nxe5 17. Qxe5 Ne8 18. Qxd5 Bc6 19. Qc5 Qxc5 20. Nxc5 Nd6 21. Rf6 Rh8 22. Ne4 Nxe4 23. Bxe4 Bxe4 24. Rxe4 Rh7 25. Kf2 Kd7 26. h4 Ke7 27. Rf3 Kd6 28. h5 f5 29. Re5 Re7 30. c4 Rde8 31. Rb3 Kc6 32. Rc5+ Kd6 33. Rb6+ Kd7 34. Rxb7+ Kd8 35. Rb8+ Kd7 36. Rb6 Ra8 37. Rcc6 Ra7 38. Rd6+ 1-0

[Event "RUS-ch Silent (Women)"]
[Site "Zelenograd"]
[Date "2015.06.05"]
[Round "5"]
[White "Kudriavtseva, Natalia"]
[Black "Alieva, Viktoria"]
[Result "1-0"]
[WhiteElo "2055"]
[BlackElo "1631"]
[PlyCount "65"]
[EventDate "2015.06.02"]
[EventType "tourn"]
[EventRounds "13"]
[EventCountry "RUS"]
[SourceTitle "EXT 2018"]
[Source "ChessBase"]
[SourceDate "2017.10.13"]
[SourceVersion "1"]
[SourceVersionDate "2017.10.13"]
[SourceQuality "1"]

1. e4 c6 2. d4 d5 3. e5 Bf5 4. Nf3 e6 5. c4 Bxb1 6. Rxb1 Qa5+ 7. Bd2 Qxa2 8. Bc3 dxc4 9. Nd2 Qa6 10. Nxc4 b5 11. Ra1 Qb7 12. Nd6+ Bxd6 13. exd6 Nf6 14. Bb4 Nbd7 15. Be2 0-0 16. Bf3 a6 17. 0-0 Rfc8 18. Bc5 Nb8 19. Qd2 Rd8 20. Qa5 Rd7 21. Rfe1 Ne8 22. Qb4 Qc8 23. Re3 Qd8 24. Rae1 Nxd6 25. d5 a5 26. Qf4 cxd5 27. Bxd5 Ra6 28. Bxe6 fxe6 29. Rxe6 Rf7 30. Rxd6 Rxd6 31. Qxd6 Rd7 32. Qe6+ Kh8 33. Qe8+ 1-0

[Event "RUS-ch Silent (Women)"]
[Site "Zelenograd"]
[Date "2015.06.01"]
[Round "12"]
[White "Lukina, Tatiana"]
[Black "Alieva, Viktoria"]
[Result "0-1"]
[WhiteElo "1685"]
[BlackElo "1631"]
[PlyCount "120"]
[EventDate "2015.06.02"]
[EventType "tourn"]
[EventRounds "13"]
[EventCountry "RUS"]
[SourceTitle "EXT 2018"]
[Source "ChessBase"]
[SourceDate "2017.10.13"]
[SourceVersion "1"]
[SourceVersionDate "2017.10.13"]
[SourceQuality "1"]

1. c4 e5 2. Nc3 Nf6 3. Nf3 Nc6 4. a3 h6 5. e3 d6 6. h3 e4 7. Ng1 Bf5 8. Nge2 d5 9. Ng3 Bh7 10. cxd5 Nxd5 11. Ncxe4 Bxe4 12. Nxe4 a6 13. Qf3 Nb6 14. d4 Qd7 15. Bd2 0-0-0 16. Rd1 f5 17. Nc5 Bxc5 18. dxc5 Na4 19. b4 Nb2 20. b5 Nxd1 21. Qxd1 axb5 22. Bxb5 Qd5 23. Bxc6 Qxc6 24. 0-0 Qd5 25. c6 bxc6 26. Qh5 Qxd2 27. Qxf5+ Kb7 28. Rb1+ Ka6 29. Kh2 Qd3 30. g4 Qxf5 31. gxf5 Rd2 32. Kg3 Ra2 33. Rb3 Rd8 34. e4 Rd4 35. e5 Ra4 36. f3 R2xa3 37. Rb8 Re3 38. e6 g6 39. f6 Rxe6 40. f7 Rf6 41. f8Q Rxf8 42. Rxf8 Rd4 43. Rb8 c5 44. Rb1 c4 45. Kf2 c3 46. Rc1 Rc4 47. Ke2 c2 48. Kd3 Kb5 49. h4 Kb4 50. Rxc2 Rxc2 51. Kxc2 Kc4 52. Kd2 Kd4 53. Ke2 c5 54. Kd2 c4 55. f4 Ke4 56. Kc3 Kxf4 57. Kxc4 Kg3 58. Kd3 Kxh4 59. Ke2 Kg3 60. Kf1 Kf3 0-1

[Event "RUS-ch Silent (Women)"]
[Site "Zelenograd"]
[Date "2014.09.26"]
[Round "10"]
[White "Alieva, Viktoria"]
[Black "Zhaferova, Flura"]
[Result "1-0"]
[WhiteElo "1615"]
[BlackElo "1662"]
[PlyCount "61"]
[EventDate "2014.09.18"]
[EventType "tourn"]
[EventRounds "11"]
[EventCountry "RUS"]
[SourceTitle "EXT 2023"]
[Source "ChessBase"]
[SourceDate "2022.10.05"]
[SourceVersion "1"]
[SourceVersionDate "2022.10.05"]
[SourceQuality "1"]

1. e4 e6 2. d4 d5 3. e5 c5 4. c3 cxd4 5. cxd4 Bb4+ 6. Nd2 Ne7 7. Qa4+ Nbc6 8. Bb5 Bxd2+ 9. Bxd2 a6 10. Bg5 Bd7 11. Bxc6 Bxc6 12. Qb4 Qd7 13. Bxe7 Qxe7 14. Qxe7+ Kxe7 15. Ne2 Bb5 16. Rc1 Rac8 17. Kd2 Rc6 18. Nc3 Rhc8 19. Rc2 Kd7 20. Rhc1 f6 21. f4 f5 22. b3 R6c7 23. Nxb5 Rxc2+ 24. Rxc2 Rxc2+ 25. Kxc2 axb5 26. Kc3 Kc6 27. Kb4 Kb6 28. a3 Kc6 29. Ka5 b6+ 30. Kb4 Kc7 31. Kxb5 1-0

[Event "RUS-ch Silent (Women)"]
[Site "Zelenograd"]
[Date "2014.09.25"]
[Round "9"]
[White "Gerasimova, Olga"]
[Black "Alieva, Viktoria"]
[Result "1-0"]
[WhiteElo "2028"]
[BlackElo "1615"]
[PlyCount "31"]
[EventDate "2014.09.18"]
[EventType "tourn"]
[EventRounds "11"]
[EventCountry "RUS"]
[SourceTitle "EXT 2023"]
[Source "ChessBase"]
[SourceDate "2022.10.05"]
[SourceVersion "1"]
[SourceVersionDate "2022.10.05"]
[SourceQuality "1"]

1. e4 c6 2. d4 d5 3. e5 Bf5 4. Nf3 e6 5. Be2 c5 6. 0-0 Nc6 7. c3 Qb6 8. dxc5 Bxc5 9. b4 Bf8 10. Bf4 Nge7 11. b5 Nb8 12. Qa4 Ng6 13. Be3 Bc5 14. Bxc5 Qxc5 15. b6+ Qc6 16. Bb5 1-0

[Event "RUS-ch Silent (Women)"]
[Site "Zelenograd"]
[Date "2014.09.22"]
[Round "5"]
[White "Alieva, Viktoria"]
[Black "Kudriavtseva, Natalia"]
[Result "1-0"]
[WhiteElo "1615"]
[BlackElo "2103"]
[PlyCount "39"]
[EventDate "2014.09.18"]
[EventType "tourn"]
[EventRounds "11"]
[EventCountry "RUS"]
[SourceTitle "EXT 2023"]
[Source "ChessBase"]
[SourceDate "2022.10.05"]
[SourceVersion "1"]
[SourceVersionDate "2022.10.05"]
[SourceQuality "1"]

1. e4 e5 2. Nf3 Nc6 3. Bb5 a6 4. Bxc6 dxc6 5. 0-0 Bg4 6. h3 h5 7. d3 Qf6 8. Nbd2 Bc5 9. Qe2 Ne7 10. Rd1 Ng6 11. Nf1 Bxf3 12. Qxf3 Qxf3 13. gxf3 0-0-0 14. Be3 Bd6 15. Nh2 f6 16. Kf1 Nh4 17. Ke2 g5 18. c3 Rh7 19. Nf1 f5 20. Bxg5 1-0

[Event "Samara Polugaevsky Memorial 4th"]
[Site "Samara"]
[Date "2014.07.09"]
[Round "8"]
[White "Troyanok, Tatiana"]
[Black "Alieva, Viktoria"]
[Result "0-1"]
[WhiteElo "1581"]
[BlackElo "1609"]
[PlyCount "52"]
[EventDate "2014.07.02"]
[EventType "swiss"]
[EventRounds "9"]
[EventCountry "RUS"]
[SourceTitle "CBM 161 Extra"]
[Source "ChessBase"]
[SourceDate "2014.08.29"]
[SourceVersion "1"]
[SourceVersionDate "2014.08.29"]
[SourceQuality "1"]

1. d4 c6 2. c4 d5 3. Nc3 e6 4. Nf3 Bb4 5. Bg5 Nf6 6. e3 Nbd7 7. Rc1 0-0 8. cxd5 exd5 9. Bd3 Qa5 10. Qc2 Qxa2 11. 0-0 Qa5 12. Ne5 h6 13. Bxf6 Nxf6 14. f4 Qc7 15. h3 Bxc3 16. bxc3 c5 17. g4 c4 18. Be2 Ne4 19. f5 f6 20. Ng6 Qg3+ 21. Kh1 Qxh3+ 22. Kg1 Qxe3+ 23. Kh2 Qg3+ 24. Kh1 Nf2+ 25. Rxf2 Qxf2 26. Nxf8 Kxf8 0-1